<?xml version="1.0" encoding="UTF-8"?>
<record
    xmlns:xsi="http://www.w3.org/2001/XMLSchema-instance"
    xsi:schemaLocation="http://www.loc.gov/MARC21/slim http://www.loc.gov/standards/marcxml/schema/MARC21slim.xsd"
    xmlns="http://www.loc.gov/MARC21/slim">

  <leader>00850nam a2200169Ia 4500</leader>
  <datafield tag="952" ind1=" " ind2=" ">
    <subfield code="0">0</subfield>
    <subfield code="1">0</subfield>
    <subfield code="4">0</subfield>
    <subfield code="7">0</subfield>
    <subfield code="a">22</subfield>
    <subfield code="b">22</subfield>
    <subfield code="d">2008-06-20</subfield>
    <subfield code="l">11</subfield>
    <subfield code="o">T HF5549 G87 2008</subfield>
    <subfield code="p">11 007169</subfield>
    <subfield code="r">2017-04-19</subfield>
    <subfield code="s">2017-04-19</subfield>
    <subfield code="t">1</subfield>
    <subfield code="w">2012-06-26</subfield>
    <subfield code="y">LB</subfield>
  </datafield>
  <datafield tag="999" ind1=" " ind2=" ">
    <subfield code="c">71897</subfield>
    <subfield code="d">71897</subfield>
  </datafield>
  <controlfield tag="008">190913b2008    mx d|||| |||| 00| 0 spa d</controlfield>
  <datafield tag="050" ind1=" " ind2=" ">
    <subfield code="a">T HF5549</subfield>
    <subfield code="b">G87 2008</subfield>
  </datafield>
  <datafield tag="100" ind1=" " ind2=" ">
    <subfield code="a">Guti&#xE9;rrez Hern&#xE1;ndez, Erika Karina </subfield>
    <subfield code="e">sustentante </subfield>
  </datafield>
  <datafield tag="245" ind1=" " ind2=" ">
    <subfield code="a">La motivaci&#xF3;n como factor generador de satisfacci&#xF3;n laboral en los trabajadores de la delegaci&#xF3;n Cuauht&#xE9;moc </subfield>
    <subfield code="c">/ tesis para obtener el t&#xED;tulo de Licenciada en Psicolog&#xED;a, presenta; Guti&#xE9;rrez Hern&#xE1;ndez Erika Karina; asesor Humberto Garc&#xED;a Hern&#xE1;ndez </subfield>
  </datafield>
  <datafield tag="260" ind1=" " ind2=" ">
    <subfield code="a">M&#xE9;xico </subfield>
    <subfield code="b">: s /ed. </subfield>
    <subfield code="c">, 2008 </subfield>
  </datafield>
  <datafield tag="300" ind1=" " ind2=" ">
    <subfield code="a">82 p&#xE1;ginas </subfield>
    <subfield code="b">: gr&#xE1;ficas </subfield>
    <subfield code="e">+ CD </subfield>
  </datafield>
  <datafield tag="519" ind1=" " ind2=" ">
    <subfield code="a"> </subfield>
    <subfield code="d"> </subfield>
  </datafield>
  <datafield tag="700" ind1=" " ind2=" ">
    <subfield code="a">Garc&#xED;a Hern&#xE1;ndez, Humberto </subfield>
    <subfield code="e">asesor </subfield>
  </datafield>
  <datafield tag="710" ind1=" " ind2=" ">
    <subfield code="a">Universidad Nacional Auton&#xF3;ma de M&#xE9;xico </subfield>
    <subfield code="e">instituci&#xF3;n que otorga el t&#xED;tulo </subfield>
  </datafield>
  <datafield tag="710" ind1=" " ind2=" ">
    <subfield code="a">Universidad Insurgentes, Plantel Xola </subfield>
    <subfield code="e">entidad participante</subfield>
  </datafield>
  <datafield tag="942" ind1=" " ind2=" ">
    <subfield code="c">TESIS</subfield>
  </datafield>
</record>
